[Event "Titled Tue 27th May Early"]
[Site "chess.com INT"]
[Date "2025.05.27"]
[Round "9"]
[White "Puzyrevsky, Semyon"]
[Black "Kushko, Dmitriy"]
[Result "1-0"]
[WhiteTitle "FM"]
[BlackTitle "IM"]
[WhiteElo "2253"]
[BlackElo "2454"]
[WhiteFideId "24240931"]
[BlackFideId "14162261"]
[EventDate "2025.05.27"]

1. d4 d6 2. e4 Nf6 3. Nc3 g6 4. Be3 c6 5. f3 b5 6. Qd2 Nbd7 7. Nh3 Bb7 8. Nf2 a5
9. Bh6 b4 10. Na4 Nb6 11. Nxb6 Bxh6 12. Qxh6 Qxb6 13. Rd1 a4 14. Bc4 d5 15. exd5
cxd5 16. Bd3 b3 17. axb3 axb3 18. c3 Ra2 19. Rb1 Qe6+ 20. Kd2 Qd6 21. Rhe1 Kd7
22. Qg7 Re8 23. Qxf7 Qxh2 24. Bb5+ Kc7 25. Bxe8 Qxg2 26. Qxe7+ Kb8 27. Qxf6
Qxf2+ 28. Re2 Qg3 29. Qe5+ 1-0

[Event "Titled Tue 27th May Early"]
[Site "chess.com INT"]
[Date "2025.05.27"]
[Round "9"]
[White "Cernov, Henrik"]
[Black "Jahnz, Laurin"]
[Result "1-0"]
[WhiteTitle "FM"]
[BlackTitle "CM"]
[WhiteElo "2325"]
[BlackElo "2233"]
[WhiteFideId "16258312"]
[BlackFideId "16261089"]
[EventDate "2025.05.27"]

1. e4 c6 2. d4 d5 3. Bd3 dxe4 4. Bxe4 Nf6 5. Nc3 Nxe4 6. Nxe4 Bf5 7. Ng3 Bg6 8.
Nf3 e6 9. h4 h6 10. Ne5 Bh7 11. Qh5 g6 12. Qf3 Qe7 13. Ne4 Bg7 14. Nd6+ Kd8 15.
Ndxf7+ Kc7 16. Nxh8 Bxh8 17. Bxh6 Nd7 18. O-O-O Nxe5 19. dxe5 Bxe5 20. Bf4 Bxf4+
21. Qxf4+ Kb6 22. Rd6 a5 23. Qe3+ Ka6 24. Rxe6 Qb4 25. a3 Qg4 26. Qe2+ Qxe2 27.
Rxe2 Rf8 28. f3 Bg8 29. Rhe1 Bc4 30. Re8 Rf4 31. R8e4 1-0

[Event "Titled Tue 27th May Early"]
[Site "chess.com INT"]
[Date "2025.05.27"]
[Round "9"]
[White "Jaskolka, Tomasz"]
[Black "Luukkonen, Tommi"]
[Result "1-0"]
[WhiteTitle "CM"]
[BlackTitle "FM"]
[WhiteElo "2200"]
[BlackElo "2250"]
[WhiteFideId "1170791"]
[BlackFideId "501808"]
[EventDate "2025.05.27"]

1. d4 Nf6 2. Bf4 g6 3. Nc3 d5 4. e3 Bg7 5. h4 h5 6. Nf3 O-O 7. Qd2 c5 8. Ne5 Nc6
9. O-O-O cxd4 10. exd4 Bf5 11. f3 Nb4 12. Bd3 Nxd3+ 13. Nxd3 Rc8 14. Be5 b5 15.
g4 hxg4 16. h5 Bxd3 17. Qxd3 b4 18. h6 bxc3 19. hxg7 Kxg7 20. fxg4 Qb6 21. bxc3
Qa5 22. Kd2 Kg8 23. Bxf6 exf6 24. Qh3 1-0

[Event "Titled Tue 27th May Early"]
[Site "chess.com INT"]
[Date "2025.05.27"]
[Round "9"]
[White "Ristic, Nebojsa M"]
[Black "Tiitta, Sauli"]
[Result "1-0"]
[WhiteTitle "IM"]
[WhiteElo "2248"]
[BlackElo "2157"]
[WhiteFideId "900850"]
[BlackFideId "502251"]
[EventDate "2025.05.27"]

1. e4 g5 2. d4 h6 3. h4 g4 4. h5 d6 5. Be2 Nf6 6. Nc3 Rg8 7. Be3 Nc6 8. Qd2 e5
9. dxe5 Nxe5 10. Bxh6 Bxh6 11. Qxh6 Be6 12. O-O-O Qe7 13. Qe3 a6 14. f4 gxf3 15.
gxf3 Nc4 16. Bxc4 Bxc4 17. Nge2 Bxe2 18. Nxe2 Qe5 19. h6 O-O-O 20. Qa7 Qb5 21.
Nd4 Qb6 22. Qxb6 cxb6 23. Nf5 d5 24. Ne7+ Kc7 25. Nxg8 Rxg8 26. e5 Nd7 27. h7
Rh8 28. Rdg1 Nxe5 29. f4 Ng6 30. f5 Ne7 31. f6 Ng6 32. Rxg6 fxg6 33. f7 Kd7 34.
f8=Q Rxf8 35. h8=Q Rxh8 36. Rxh8 1-0

[Event "Titled Tue 27th May Early"]
[Site "chess.com INT"]
[Date "2025.05.27"]
[Round "9"]
[White "Rossi, Maximiliano"]
[Black "Kim, Sergey"]
[Result "1-0"]
[BlackTitle "FM"]
[WhiteElo "2013"]
[BlackElo "2295"]
[WhiteFideId "113425"]
[BlackFideId "13700570"]
[EventDate "2025.05.27"]

1. e4 e5 2. Nf3 Nc6 3. Bb5 a6 4. Bxc6 dxc6 5. Nc3 f6 6. d3 Ne7 7. Ng1 Ng6 8.
Nge2 Bd6 9. O-O O-O 10. f4 b5 11. f5 Ne7 12. g4 g5 13. Ng3 Bd7 14. Nce2 Be8 15.
Kg2 Kh8 16. Be3 Rg8 17. Rh1 Bf7 18. b3 Rg7 19. a4 Qg8 20. d4 exd4 21. Bxd4 Rd8
22. Bxf6 Bxg3 23. Nxg3 Rxd1 24. Raxd1 Qe8 25. Bxg7+ Kxg7 26. h4 h6 27. hxg5 hxg5
28. Nh5+ Bxh5 29. Rxh5 Ng8 30. Rxg5+ Kf6 31. Rg6+ Kf7 32. Re6 Qf8 33. Rd7+ 1-0

[Event "Titled Tue 27th May Early"]
[Site "chess.com INT"]
[Date "2025.05.27"]
[Round "9"]
[White "Vakhidov, Jakhongir"]
[Black "Shogdzhiev, Roman"]
[Result "0-1"]
[WhiteTitle "GM"]
[BlackTitle "FM"]
[WhiteElo "2546"]
[BlackElo "2329"]
[WhiteFideId "14201801"]
[BlackFideId "55653537"]
[EventDate "2025.05.27"]

1. c4 c6 2. d4 d5 3. cxd5 cxd5 4. Bf4 Nf6 5. e3 Nc6 6. Bd3 Bg4 7. f3 Bd7 8. Nc3
e6 9. g4 Be7 10. Nge2 O-O 11. Kf2 Ne8 12. h4 Nd6 13. h5 f5 14. g5 Rc8 15. Rc1
Nb4 16. Bb1 Nc4 17. b3 Na3 18. Rg1 Qb6 19. Be5 Nc6 20. h6 Nxe5 21. hxg7 Kxg7 22.
dxe5 f4 23. Nd4 fxe3+ 24. Kxe3 Bc5 25. Ne2 Nxb1 26. Rxb1 Bb5 27. b4 Bxd4+ 28.
Qxd4 Rxf3+ 29. Kxf3 Bxe2+ 0-1

[Event "Titled Tue 27th May Early"]
[Site "chess.com INT"]
[Date "2025.05.27"]
[Round "9"]
[White "Tsydypov, Zhamsaran"]
[Black "Gasparyan, Erik R."]
[Result "1-0"]
[WhiteTitle "GM"]
[BlackTitle "IM"]
[WhiteElo "2514"]
[BlackElo "2372"]
[WhiteFideId "4108566"]
[BlackFideId "13315730"]
[EventDate "2025.05.27"]

1. e4 c6 2. d4 d5 3. e5 Bf5 4. Nf3 e6 5. Nbd2 Nd7 6. Nb3 h6 7. c3 Ne7 8. Be2 Bh7
9. O-O Nf5 10. Bd3 Be7 11. g4 Nh4 12. Nxh4 Bxd3 13. Qxd3 Bxh4 14. f4 Be7 15. f5
exf5 16. gxf5 Bg5 17. Qg3 Qe7 18. e6 Nf6 19. Bxg5 hxg5 20. Nc5 O-O-O 21. Qxg5
Rh5 22. Qg2 Rdh8 23. Rae1 Rh4 24. Rf3 Qd6 25. h3 fxe6 26. Rxe6 Qc7 27. Rg3 R4h7
28. Rxf6 b6 29. Ne6 Qe7 30. Rfg6 Qh4 31. R6g5 Kb7 32. Kf1 1-0

[Event "Titled Tue 27th May Early"]
[Site "chess.com INT"]
[Date "2025.05.27"]
[Round "9"]
[White "Fernandez, Michael"]
[Black "Maltsevskaya, Aleksandra"]
[Result "0-1"]
[WhiteTitle "FM"]
[BlackTitle "IM"]
[WhiteElo "2226"]
[BlackElo "2398"]
[WhiteFideId "5803560"]
[BlackFideId "24174041"]
[EventDate "2025.05.27"]

1. c4 Nf6 2. g3 g6 3. Bg2 Bg7 4. Nc3 d6 5. b4 O-O 6. Bb2 a5 7. b5 Nbd7 8. d4 e5
9. Nf3 exd4 10. Nxd4 Nc5 11. Nb3 a4 12. Nxc5 a3 13. Nxb7 Bxb7 14. Bxb7 axb2 15.
Rb1 Ra3 16. Qc2 Nd7 17. Nd5 Rxa2 18. O-O Nc5 19. Bc6 h5 20. Nb4 Ra1 21. h4 Ne6
22. e3 g5 23. hxg5 Qxg5 24. Qe4 Nc5 25. Qf4 Qg6 26. e4 Ne6 27. Qf5 Nd4 28. Qxg6
fxg6 29. Bd5+ Kh7 30. Rxa1 bxa1=Q 31. Rxa1 Nf3+ 32. Kg2 Bxa1 0-1

[Event "Titled Tue 27th May Early"]
[Site "chess.com INT"]
[Date "2025.05.27"]
[Round "9"]
[White "Hambardzumian, Yuri"]
[Black "Skiadopoulos, Nikolaos"]
[Result "0-1"]
[WhiteTitle "IM"]
[BlackTitle "CM"]
[WhiteElo "2301"]
[BlackElo "1882"]
[WhiteFideId "13302795"]
[BlackFideId "4200772"]
[EventDate "2025.05.27"]

1. d4 Nf6 2. c4 c5 3. d5 b5 4. cxb5 a6 5. bxa6 e6 6. Nc3 Nxd5 7. Nxd5 exd5 8.
Qxd5 Nc6 9. e4 Be7 10. Nf3 O-O 11. Be3 Bxa6 12. Bxa6 Qa5+ 13. Nd2 Qxa6 14. Bxc5
Nb4 15. Bxb4 Bxb4 16. O-O-O Qxa2 17. Qxa2 Rxa2 18. Nb3 d6 19. Rd4 Bc5 20. Nxc5
Ra1+ 21. Kc2 Rxh1 22. Rxd6 Rxh2 23. b4 Rxg2 24. Nd3 h5 25. b5 h4 26. Rd5 g6 27.
Kd2 h3 28. Nf4 h2 29. Nxg2 h1=Q 30. Ne3 Rc8 31. b6 Qc1+ 32. Ke2 Qb2+ 33. Rd2
Qxb6 34. Nd5 Qe6 35. Rb2 Qxe4+ 0-1

[Event "Titled Tue 27th May Early"]
[Site "chess.com INT"]
[Date "2025.05.27"]
[Round "9"]
[White "Shirov, Alexei"]
[Black "Cahaya, Satria Duta"]
[Result "0-1"]
[WhiteTitle "GM"]
[BlackTitle "FM"]
[WhiteElo "2620"]
[BlackElo "2416"]
[WhiteFideId "2209390"]
[BlackFideId "7124252"]
[EventDate "2025.05.27"]

1. e4 e5 2. Nf3 Nc6 3. Bb5 a6 4. Ba4 Nf6 5. O-O d6 6. Bxc6+ bxc6 7. d4 exd4 8.
Nxd4 c5 9. Nc6 Qd7 10. Na5 Qa4 11. Qe1 Be7 12. b3 Qxe4 13. Qxe4 Nxe4 14. Re1 Nf6
15. Nc6 Be6 16. c4 Bf8 17. Nc3 Kd7 18. Na5 Be7 19. Be3 Ng4 20. Bf4 Bf6 21. Rac1
Bd4 22. Bg3 h5 23. h4 g5 24. Ne2 gxh4 25. Bxh4 Be5 26. f3 Ne3 27. Bg5 Nf5 28.
Bf4 Bf6 29. Nc3 Rag8 30. Ne4 Bd4+ 31. Kh2 h4 32. Rcd1 Rg6 33. Re2 Ng3 34. Red2
Nxe4 35. fxe4 Rg4 36. Rf1 Rhg8 37. Re2 Rxf4 38. Rxf4 Be5 0-1

[Event "Titled Tue 27th May Early"]
[Site "chess.com INT"]
[Date "2025.05.27"]
[Round "9"]
[White "Zaw, Ye Htut"]
[Black "Kiran, Manisha Mohanty"]
[Result "0-1"]
[WhiteTitle "CM"]
[BlackTitle "WGM"]
[WhiteElo "2180"]
[BlackElo "2031"]
[WhiteFideId "13013955"]
[BlackFideId "5019575"]
[EventDate "2025.05.27"]

1. e4 d6 2. d4 Nf6 3. Nc3 g6 4. Nf3 Bg7 5. Bf4 O-O 6. Qd2 Nc6 7. O-O-O Re8 8. d5
Nb8 9. h3 e5 10. Bh6 Bh8 11. h4 Bg4 12. Be2 c5 13. Ng5 Bxe2 14. Qxe2 Nbd7 15. h5
b5 16. hxg6 fxg6 17. Ne6 Qe7 18. Bg5 b4 19. Nb5 Rec8 20. Rh3 a6 21. Nbc7 Ra7 22.
Nxa6 Nf8 23. Rdh1 Rca8 24. Nxf8 Qxf8 25. Bxf6 Bxf6 26. Qg4 Bg7 27. Rh4 Qf4+ 28.
Qxf4 exf4 0-1

[Event "Titled Tue 27th May Early"]
[Site "chess.com INT"]
[Date "2025.05.27"]
[Round "9"]
[White "Svane, Rasmus"]
[Black "Xiong, Jeffery"]
[Result "1/2-1/2"]
[WhiteTitle "GM"]
[BlackTitle "GM"]
[WhiteElo "2629"]
[BlackElo "2636"]
[WhiteFideId "4657101"]
[BlackFideId "2047640"]
[EventDate "2025.05.27"]

1. Nf3 g6 2. d4 Nf6 3. g3 Bg7 4. Bg2 O-O 5. O-O c5 6. dxc5 Na6 7. Be3 Qc7 8. Bd4
Nxc5 9. Nc3 b6 10. Bxf6 exf6 11. Nd4 Rb8 12. Ndb5 Qe5 13. Nxa7 Ba6 14. a4 f5 15.
Nab5 Rfe8 16. Re1 Nxa4 17. Rxa4 Bxb5 18. Nxb5 Qxb5 19. Ra2 f4 20. gxf4 Qc4 21.
Ra7 Bxb2 22. e3 Bc3 23. Rf1 Bf6 24. Rxd7 Rbd8 25. Bd5 Rxd7 26. Bxc4 Rxd1 27.
Rxd1 Rd8 28. Rb1 Rc8 29. Bb3 Ra8 30. Kg2 Ra1 31. Rxa1 Bxa1 32. Kf3 Kf8 33. Ke4
Bc3 34. f5 Ke7 35. f3 Bd2 36. Kd3 Bc1 37. fxg6 hxg6 38. f4 f5 39. Ke2 Kf6 40.
Kf3 Bd2 41. h3 Bc1 42. Ba4 Bd2 43. e4 fxe4+ 44. Kxe4 Bc1 1/2-1/2

[Event "Titled Tue 27th May Early"]
[Site "chess.com INT"]
[Date "2025.05.27"]
[Round "9"]
[White "Ivannikov, Maksim"]
[Black "Bendayan Claros, Aaron"]
[Result "1-0"]
[WhiteTitle "CM"]
[BlackTitle "CM"]
[WhiteElo "2184"]
[BlackElo "2224"]
[WhiteFideId "34275339"]
[BlackFideId "3803392"]
[EventDate "2025.05.27"]

1. e4 c6 2. d4 d5 3. e5 Bf5 4. h4 h5 5. Bd3 Bxd3 6. Qxd3 e6 7. Bg5 Qa5+ 8. Nd2
Qa6 9. c4 Bb4 10. b3 Ne7 11. Nf3 Nf5 12. O-O Nd7 13. a3 Be7 14. Bxe7 Nxe7 15.
Qe3 Nf5 16. Qg5 Qb6 17. Rfc1 Qd8 18. cxd5 cxd5 19. Qxd8+ Kxd8 20. b4 Rc8 21. Nb3
Ke7 22. Na5 Nb6 23. Rc5 Nc4 24. Nxb7 f6 25. exf6+ gxf6 26. Re1 Kf7 27. a4 Nb2
28. Ra5 Nd3 29. Rd1 Nxb4 30. Rxa7 Kg6 31. Nc5 Nxd4 32. Nxd4 Rxc5 33. Nxe6 Rc2
34. Rg7+ Kf5 35. Nd4+ Ke4 36. Re7+ Kf4 37. g3+ Kg4 38. Kg2 Rb2 39. Rg7# 1-0

[Event "Titled Tue 27th May Early"]
[Site "chess.com INT"]
[Date "2025.05.27"]
[Round "9"]
[White "Aghaei, Alireza"]
[Black "Garcia, Jhoel"]
[Result "1-0"]
[WhiteTitle "CM"]
[BlackTitle "IM"]
[WhiteElo "2204"]
[BlackElo "2304"]
[WhiteFideId "12509914"]
[BlackFideId "3801110"]
[EventDate "2025.05.27"]

1. e4 e5 2. Nf3 Nf6 3. Nc3 Nc6 4. d4 exd4 5. Nxd4 Bb4 6. Nxc6 bxc6 7. Bd3 d5 8.
exd5 O-O 9. O-O cxd5 10. Bg5 Be7 11. h3 c6 12. Qf3 Be6 13. Rfe1 Rb8 14. b3 Nd7
15. Bxe7 Qxe7 16. Ne2 Ne5 17. Bxh7+ Kxh7 18. Qh5+ Kg8 19. Qxe5 Qf6 20. Qxf6 gxf6
21. Nd4 Bd7 22. Re7 Rfd8 23. Rae1 c5 24. Ne2 Be6 25. Nf4 Bf5 26. c3 d4 27. cxd4
cxd4 28. g4 Bh7 29. Nh5 Kf8 30. Nxf6 Bc2 31. Nd7+ Rxd7 32. Rxd7 d3 33. Re3 Rb6
34. Rexd3 Bxd3 35. Rxd3 1-0

[Event "Titled Tue 27th May Early"]
[Site "chess.com INT"]
[Date "2025.05.27"]
[Round "9"]
[White "Karimova, Guldona"]
[Black "Eames, Robert S"]
[Result "0-1"]
[WhiteTitle "WIM"]
[BlackTitle "FM"]
[WhiteElo "2265"]
[BlackElo "2136"]
[WhiteFideId "14210410"]
[BlackFideId "408743"]
[EventDate "2025.05.27"]

1. d4 d5 2. c4 e6 3. Nc3 c6 4. Nf3 dxc4 5. e4 b5 6. Be3 Nf6 7. Qc2 Bb4 8. a4 Bb7
9. Be2 a6 10. O-O O-O 11. Rfd1 Nbd7 12. e5 Nd5 13. Ne4 Be7 14. b3 cxb3 15. Qxb3
Qb6 16. a5 Qd8 17. Nc5 Nxc5 18. dxc5 Qc7 19. Bd4 Rad8 20. Qb2 Rd7 21. g3 Rfd8
22. Bd3 g6 23. Be4 Bc8 24. h4 Bf8 25. h5 Bg7 26. hxg6 hxg6 27. Kg2 Ne7 28. Rd2
Nf5 29. Bxf5 exf5 30. Qc3 Rd5 0-1

[Event "Titled Tue 27th May Early"]
[Site "chess.com INT"]
[Date "2025.05.27"]
[Round "9"]
[White "Deveci, Huseyin Said"]
[Black "Souleidis, Georgios"]
[Result "1-0"]
[WhiteTitle "CM"]
[BlackTitle "IM"]
[WhiteElo "2212"]
[BlackElo "2418"]
[WhiteFideId "26322455"]
[BlackFideId "4206827"]
[EventDate "2025.05.27"]

1. e4 c5 2. c3 g6 3. d4 cxd4 4. cxd4 d5 5. e5 Nc6 6. f4 h5 7. Nf3 Nh6 8. Nc3 Bg4
9. Be3 Nf5 10. Bf2 e6 11. Bb5 Qb6 12. a4 Bb4 13. Qd3 Bxf3 14. gxf3 a6 15. Bxc6+
Qxc6 16. Ke2 Rc8 17. Rhc1 Qc4 18. Nxd5 Qxd3+ 19. Kxd3 Rxc1 20. Rxc1 Ba5 21. Rc8+
Bd8 22. Nf6+ Ke7 23. Be1 Ba5 24. Rxh8 Bxe1 25. Re8# 1-0

[Event "Titled Tue 27th May Early"]
[Site "chess.com INT"]
[Date "2025.05.27"]
[Round "9"]
[White "El Zein, Zayne-Eddine"]
[Black "Klukin, Kirill"]
[Result "0-1"]
[WhiteTitle "CM"]
[BlackTitle "IM"]
[WhiteElo "2146"]
[BlackElo "2407"]
[WhiteFideId "5313210"]
[BlackFideId "24199273"]
[EventDate "2025.05.27"]

1. e4 c5 2. Nf3 g6 3. d3 Bg7 4. g3 Nc6 5. Bg2 e6 6. O-O Nge7 7. c3 O-O 8. Re1 d6
9. Be3 b6 10. Nbd2 Bb7 11. Rc1 Rc8 12. h4 d5 13. exd5 Nxd5 14. Ne4 Nxe3 15. Rxe3
Qc7 16. Qe1 Rcd8 17. Rd1 Ne7 18. Re2 Rd7 19. h5 Rfd8 20. Red2 Nf5 21. Nfg5 gxh5
22. Qe2 h6 23. Nh3 h4 24. g4 Nd6 25. g5 Nxe4 26. Bxe4 Bxe4 27. Qxe4 hxg5 28.
Nxg5 Qe5 29. Qxh4 Bf6 30. Qh7+ Kf8 31. Ne4 Bg7 32. f3 f5 33. Ng5 Qe3+ 34. Kf1
Qxg5 35. Rg2 Qh6 36. Qxh6 Bxh6 37. Rg6 Bg7 38. Rxe6 Rxd3 39. Rxd3 Rxd3 40. Ke2
Rd7 41. Rc6 Kf7 42. Rc8 Bh6 43. a4 Bc1 44. b3 Bb2 45. c4 Bc3 46. Rc6 Ke7 47. Ke3
Bd2+ 48. Ke2 Bf4 49. a5 Rc7 50. Rg6 Kf7 51. Rg4 fxg4 0-1

[Event "Titled Tue 27th May Early"]
[Site "chess.com INT"]
[Date "2025.05.27"]
[Round "9"]
[White "Goryachkina, Aleksandra"]
[Black "Aarav Sinha"]
[Result "1/2-1/2"]
[WhiteTitle "GM"]
[BlackTitle "FM"]
[WhiteElo "2544"]
[BlackElo "2255"]
[WhiteFideId "4147103"]
[BlackFideId "25674064"]
[EventDate "2025.05.27"]

1. d4 Nf6 2. c4 e6 3. Nf3 d5 4. Nc3 Be7 5. Bf4 O-O 6. e3 b6 7. Bd3 dxc4 8. Bxc4
Ba6 9. Bxa6 Nxa6 10. O-O c5 11. a3 Nc7 12. dxc5 bxc5 13. Qxd8 Bxd8 14. Bd6 Re8
15. Bxc5 Ncd5 16. Nxd5 Nxd5 17. Rac1 h6 18. Rfd1 a5 19. g3 a4 20. e4 Nf6 21. Rc4
Be7 22. Bxe7 Rxe7 23. Rb4 Rc7 24. Ne5 Rc5 25. Nd3 Rc2 26. Rc1 Re2 27. Nc5 Rc8
28. Rc3 Rd8 29. Re3 Rxe3 30. fxe3 Rd1+ 31. Kg2 Rd2+ 32. Kf1 Ng4 33. Rb8+ Kh7 34.
Nxa4 Nxh2+ 35. Ke1 Nf3+ 36. Kf1 Nh2+ 37. Ke1 Nf3+ 38. Kf1 Nh2+ 1/2-1/2

[Event "Titled Tue 27th May Early"]
[Site "chess.com INT"]
[Date "2025.05.27"]
[Round "9"]
[White "Alvarez Leon, Luis"]
[Black "Teh, Wee Zhun"]
[Result "1-0"]
[WhiteTitle "FM"]
[BlackTitle "CM"]
[WhiteElo "2178"]
[BlackElo "2010"]
[WhiteFideId "3600351"]
[BlackFideId "5707277"]
[EventDate "2025.05.27"]

1. Nf3 d5 2. d4 Nf6 3. c4 c6 4. Nc3 dxc4 5. a4 Bf5 6. Ne5 Nbd7 7. Nxc4 Nb6 8.
Ne5 a5 9. g3 e6 10. Bg2 Bb4 11. O-O O-O 12. Bg5 h6 13. Bxf6 Qxf6 14. e3 Rfd8 15.
Qb3 Nd7 16. Nc4 Bd3 17. Rfd1 Bxc4 18. Qxc4 Nb6 19. Qb3 Qe7 20. Rac1 Nd5 21. Ne4
Nf6 22. Nc5 Rab8 23. Nd3 Bd6 24. e4 e5 25. dxe5 Bxe5 26. Nxe5 Rxd1+ 27. Rxd1
Qxe5 28. Qc2 Qc7 29. h3 Rd8 30. Re1 Nd7 31. f4 Qb6+ 32. Kh2 Nc5 33. e5 Na6 34.
e6 fxe6 35. Rxe6 Nb4 36. Qe2 Qd4 37. Re8+ Rxe8 38. Qxe8+ Kh7 39. Be4+ g6 40.
Qxg6+ 1-0

[Event "Titled Tue 27th May Early"]
[Site "chess.com INT"]
[Date "2025.05.27"]
[Round "9"]
[White "Bonaveri, Agustin"]
[Black "Dominguez, Ramiro"]
[Result "0-1"]
[WhiteTitle "FM"]
[BlackTitle "FM"]
[WhiteElo "2367"]
[BlackElo "2185"]
[WhiteFideId "104027"]
[BlackFideId "4420055"]
[EventDate "2025.05.27"]

1. c4 Nf6 2. g3 c5 3. Bg2 Nc6 4. Nf3 e5 5. Nc3 d6 6. d3 Be7 7. O-O O-O 8. a3 Bg4
9. h3 Bf5 10. Rb1 Qd7 11. Kh2 Nd4 12. b4 Nxf3+ 13. exf3 b6 14. f4 Rad8 15. Nd5
Nxd5 16. cxd5 exf4 17. Bxf4 Bf6 18. g4 Bg6 19. Bg3 Rfe8 20. f4 Re3 21. f5 Rxg3
22. Kxg3 Be5+ 23. Kf2 Bxf5 24. gxf5 Bd4+ 25. Kg3 Be5+ 26. Kg4 g6 27. Be4 Kh8 28.
h4 Rg8 29. Kh3 gxf5 30. Bxf5 Rg3+ 31. Kh2 Qe7 32. Bh3 Qxh4 33. Re1 Qxh3# 0-1

[Event "Titled Tue 27th May Early"]
[Site "chess.com INT"]
[Date "2025.05.27"]
[Round "9"]
[White "Negrean, Andrei"]
[Black "Marichal Gonzalez, Ariel"]
[Result "1-0"]
[WhiteTitle "FM"]
[BlackTitle "IM"]
[WhiteElo "2336"]
[BlackElo "2268"]
[WhiteFideId "1291513"]
[BlackFideId "3503232"]
[EventDate "2025.05.27"]

1. d4 Nf6 2. Nc3 d5 3. Bf4 a6 4. e3 b5 5. Bd3 Bb7 6. Nf3 e6 7. Ne5 Bd6 8. Qf3 c5
9. dxc5 Bxc5 10. O-O-O Qe7 11. Qh3 Nbd7 12. Rhg1 Rc8 13. g4 Bb4 14. g5 Bxc3 15.
gxf6 Bxb2+ 16. Kxb2 Qb4+ 17. Kc1 Qa3+ 18. Kd2 Qc3+ 19. Ke2 Nxe5 20. fxg7 Rg8 21.
Bxh7 Ke7 22. Qh4+ f6 23. Bxe5 1-0

[Event "Titled Tue 27th May Early"]
[Site "chess.com INT"]
[Date "2025.05.27"]
[Round "9"]
[White "Khazhatuly, Alikhan"]
[Black "Szpar, Milosz"]
[Result "0-1"]
[WhiteTitle "CM"]
[BlackTitle "IM"]
[WhiteElo "2196"]
[BlackElo "2475"]
[WhiteFideId "13731335"]
[BlackFideId "1184989"]
[EventDate "2025.05.27"]

1. e4 e6 2. d4 d5 3. Nd2 Be7 4. c3 c5 5. Ngf3 Nf6 6. exd5 Qxd5 7. Bc4 Qd6 8. O-O
O-O 9. dxc5 Qxc5 10. Qe2 Qc7 11. Ne5 b6 12. Ndf3 Bb7 13. Rd1 Nc6 14. Bf4 Nh5 15.
Nxc6 Nxf4 16. Nxe7+ Qxe7 17. Qe3 Qf6 18. Rd7 Bc6 19. Rc7 Rac8 20. Rxc8 Rxc8 21.
Bf1 Rd8 22. Nd4 Bb7 23. Re1 h5 24. f3 h4 25. Qe5 Qxe5 26. Rxe5 f6 27. Re1 e5 28.
Bc4+ Kf8 29. Nb3 h3 30. g3 Ng2 31. Rf1 Ne3 32. Be2 Nxf1 33. Kxf1 a5 34. Ke1 a4
35. Nd2 a3 36. bxa3 Ra8 37. Nb1 Bd5 38. c4 Bc6 39. Kd2 Ke7 40. Kc2 Kd6 41. Kb2
Kc5 42. Nd2 Kd4 43. Nb3+ Ke3 44. Bd1 Bxf3 45. Bxf3 Kxf3 46. Kc3 Kg2 47. Kb4 Kxh2
48. a4 Kxg3 49. a5 h2 50. axb6 h1=Q 51. a4 Qc6 52. a5 e4 53. c5 e3 54. Nd4 Qd5
55. Ne2+ Kf2 56. a6 Kxe2 57. Kb5 Kd3 58. b7 Rb8 59. Kb6 e2 60. c6 e1=Q 61. a7
Qe3+ 62. Kc7 Qee5+ 63. Kb6 Qa5# 0-1

[Event "Titled Tue 27th May Early"]
[Site "chess.com INT"]
[Date "2025.05.27"]
[Round "9"]
[White "Sobek, Jaroslav"]
[Black "Koridze, Lile"]
[Result "0-1"]
[WhiteTitle "FM"]
[BlackTitle "WFM"]
[WhiteElo "2195"]
[BlackElo "2110"]
[WhiteFideId "301388"]
[BlackFideId "13612514"]
[EventDate "2025.05.27"]

1. d4 Nf6 2. c4 e6 3. Bf4 d5 4. e3 Bb4+ 5. Nd2 O-O 6. Nf3 c5 7. a3 Bxd2+ 8. Qxd2
cxd4 9. Nxd4 Nc6 10. Nxc6 bxc6 11. Be2 Ne4 12. Qc2 Qf6 13. O-O e5 14. Bg3 Bf5
15. Qa4 h5 16. Bxh5 Nd2 17. Rfd1 Nxc4 18. b3 Nb2 19. Qa6 Nxd1 20. Rxd1 Bc2 21.
Rc1 Bxb3 22. Rxc6 Qf5 23. Be2 Qb1+ 24. Bf1 Bc4 25. Rxc4 dxc4 26. Bxe5 Rac8 27.
Qa5 c3 28. Bxc3 Rfd8 29. Qe5 Qg6 30. h4 Re8 31. Qa5 Qg4 32. g3 Re6 33. Bg2 Qd1+
34. Kh2 Qc2 35. Bd4 Qxf2 36. Qg5 Rg6 37. Qe5 Rc2 0-1

[Event "Titled Tue 27th May Early"]
[Site "chess.com INT"]
[Date "2025.05.27"]
[Round "9"]
[White "Joseph Benher, Savio"]
[Black "Nurgaliyev, Sauat"]
[Result "1-0"]
[BlackTitle "IM"]
[WhiteElo "2115"]
[BlackElo "2407"]
[WhiteFideId "2629453"]
[BlackFideId "13726285"]
[EventDate "2025.05.27"]

1. e4 c5 2. Nf3 d6 3. d4 cxd4 4. Nxd4 Nf6 5. Nc3 a6 6. Be2 e5 7. Nb3 Be7 8. O-O
O-O 9. f4 b5 10. Bf3 Bb7 11. a4 b4 12. Nd5 Nbd7 13. a5 Nxd5 14. exd5 Re8 15.
fxe5 Nxe5 16. Ra4 Rc8 17. Rxb4 Ba8 18. Rb6 Nc4 19. Rxa6 Bb7 20. Ra7 Rb8 21. Kh1
Bf6 22. h3 Be5 23. Bh5 g6 24. a6 Qh4 25. Qf3 Qxh5 26. Qxf7+ Kh8 27. Rxb7 Qh4 28.
Bf4 Rxb7 29. Qxe8+ Kg7 30. Bxe5+ Nxe5 31. Qf8# 1-0